குர்ஆனை விளங்கும் முறை /

Saved in:
Bibliographic Details
Format: Book
Published: கொழும்பு : விஸ்டம் சொஸைட்டி வௌியீடு, 2020.
Tags: Add Tag
No Tags, Be the first to tag this record!

MARC

LEADER 00000nam a2200000 a 4500
003 LK-CoNLD
005 20251206100353.0
008 251206b |||||||| |||| 00| 0 ||| d
015 |2 slnb 
017 |b LK-CoDNA 
020 |a 9786249544147 
040 |b TAM  |c LK-CoNLD  |a LK-CoNLD  |d LK-CoNLD 
082 |2 23  |q LK-CoNLD 
245 |6 880-1  |a குர்ஆனை விளங்கும் முறை /  |c  முஹம்மத் ஷஹீத் பெஹெஷ்தி. 
260 |a கொழும்பு :  |b விஸ்டம் சொஸைட்டி வௌியீடு,  |c 2020. 
300 |a ப. 58 ; 
880 |6 245 - 1   |a Qur aanai vilagum murai 
942 |c BOOK 
945 |a 22  |b Logeshwary RAMASAMY  |c 22  |d Logeshwary RAMASAMY 
999 |c 294859  |d 294859